Shakespearean Tragedies - Statistics

General Stats
  • This quiz has been taken 23 times
  • The average score is 8 of 11
Answer Stats
Answer % Correct
Hamlet
95%
King Lear
95%
Macbeth
95%
Othello
95%
Romeo and Juliet
95%
Julius Caesar
74%
Antony and Cleopatra
68%
Titus Andronicus
53%
Coriolanus
47%
Timon of Athens
47%
Troilus and Cressida
42%
No matching quizzes found
Score Distribution
Percent of People with Each Score
Percentile by Number Answered
Your Score History
You have not taken this quiz